1043 1747 1315 1897 1811 1093 1068 1597 1997 1811 1133 1527 1300 1593 1447 1290 1319 1356 1845 1556 1774 1420 1672 1378 1767 1701 1823 1961 1767 1543 1040 1704 1871 1994 1313 1369 1199 1931 1806 1540 1496 1472 1469 1441 1987 1450 1818 1386 1214 1402 1930 1615 1560 1000 1854 1938 1782 1669 1844 1487 1094 1857 1089 1599 1623 1832 1773 1682 1993 1698 1222 1196 1046 1254 1975 1720 1677 1981 1821 1070 1582 1997 1348 1686 1360 1187 1020 1587 1248 1957 1582 1292 1254 1026 1854 1518 2000 1789 1192 BCNSPRNW ULIB Ver.6.0+V

เปลี่ยนเป็นภาษาไทย

Change to English
 แสดงรายละเอียดบรรณานุกรม
  กลับหน้าหลัก

Brief Record : Get Marc (ISO 2709) : E-mail record : QR code < ปิดหน้าต่าง
LEADER : 00000nam 2200000uu 4500
001    13399113145
003     ULIB
008    110928s2551||||th 000 0 tha d
020    9789749749418
050 04 QA76.75^bณ342U 2551
100 0  ณัฐภูมิ โอภาภิบาล
245 10 Ubuntu ระบบปฏิบัติการฟรีเพื่อมวลมนุษยชาติ /^cณัฐภูมิ โอภาภิบาล
250    พิมพ์ครั้งที่ 1
260    นนทบุรี :^bไอดีซีฯ,^c2551
300    X, 249 หน้า :^bภาพประกอบ ;^c23 ซม.+^eซีดี-รอม 1 แผ่น (4 3/4 นิ้ว)
650  7 ลีนุกซ์ (ระบบปฏิบัติการคอมพิวเตอร์)
650  7 ระบบปฏิบัติการ (คอมพิวเตอร์)
945    ^p219^l0^i024992
945    ^p219^l0^i024993
995    ทศพร
999 ^a ทศพร
รายการนี้ยังไม่มีแท็ก
คุณยังไม่ได้ล็อกอิน คุณสามารถมีกิจกรรมร่วมกับเว็บไซต์ได้ แต่ต้องล็อกอินก่อน ::
  ล็อกอิน

รายการสื่อสารสนเทศ

ลำดับที่ ประเภท เลขเรียก/บาร์โค้ด สถานที่ สถานะ
- ไม่พบข้อมูล -

รายการใกล้เคียง
    ผู้แต่ง [ณัฐภูมิ โอภาภิบาล]

    หัวเรื่อง [ลีนุกซ์ (ระบบปฏิบัติการคอมพิวเตอร์)]
    หัวเรื่อง [ระบบปฏิบัติการ (คอมพิวเตอร์)]

BibComment


ยังไม่เคยถูกคอมเมนท์

คอมเมนท์ทรัพยากรรายการนี้
  คอมเมนท์: Ubuntu ระบบปฏิบัต..


 Copyright 2026. Bcnsprnw @Library